Nammal avatharikkenda Gandhiji/ (Record no. 181757)

000 -LEADER
fixed length control field 00481nam a2200181 4500
020 ## - INTERNATIONAL STANDARD BOOK NUMBER
ISBN 9789348132871
082 ## - DEWEY DECIMAL CLASSIFICATION NUMBER
Classification number M5
Item number SUK/N
100 ## - MAIN ENTRY--AUTHOR NAME
Personal name Sukumar Azheekkode
245 ## - TITLE STATEMENT
Title Nammal avatharikkenda Gandhiji/
Statement of responsibility, etc by Sukumar Azheekkode
260 ## - PUBLICATION, DISTRIBUTION, ETC. (IMPRINT)
Place of publication Kozhikkode:
Name of publisher Atma books,
Year of publication 2025.
300 ## - PHYSICAL DESCRIPTION
Number of Pages 148p.
650 ## - SUBJECT ADDED ENTRY--TOPICAL TERM
Topical Term Speeches Malayalam
650 ## - SUBJECT ADDED ENTRY--TOPICAL TERM
Topical Term Literature Malayalam
650 ## - SUBJECT ADDED ENTRY--TOPICAL TERM
Topical Term Literature
700 ## - ADDED ENTRY--PERSONAL NAME
Personal name Gilson John(comp.)
700 ## - ADDED ENTRY--PERSONAL NAME
Personal name Paul Manalil(comp.ed.)
942 ## - ADDED ENTRY ELEMENTS (KOHA)
Koha item type Book
Holdings
Withdrawn status Lost status Damaged status Not for loan Permanent Location Current Location Shelving location Date acquired Cost, normal purchase price Full call number Accession Number Price effective from Koha item type
        Sree Sankaracharya University of Sanskrit Sree Sankaracharya University of Sanskrit Stacks 22.05.2026 290.00 M5 SUK/N 108887 22.05.2026 Book